Normal view
MARC view
Entry Personal Name
001 - CONTROL NUMBER
- control field: 36637
003 - CONTROL NUMBER IDENTIFIER
- control field: dpl
005 - DATE AND TIME OF LATEST TRANSACTION
- control field: 20111208142424.0
008 - FIXED-LENGTH DATA ELEMENTS
- fixed length control field: 111208|||a|||||| | ||| d
040 ## - CATALOGING SOURCE
- Original cataloging agency: dpl
- Transcribing agency: dpl
100 ## - HEADING--PERSONAL NAME
- Personal name: Petrucha, Stefan
670 ## - SOURCE DATA FOUND
- Source citation: Work cat.: (dpl): Petrucha, Stefan, Dress reversal /, 2011
670 ## - SOURCE DATA FOUND
- Source citation: Work cat.: (dpl): Petrucha, Stefan, Dress reversal /, 2011
